Proceedings of the national seminar on recent advances in differential equations & its applications: (Record no. 151898)

MARC details
000 -LEADER
fixed length control field 00828nam a22002297a 4500
005 - DATE AND TIME OF LATEST TRANSACTION
control field 20180507103536.0
010 ## - LCCN (DPL NO)
LC control number ENG-122893
020 ## - INTERNATIONAL STANDARD BOOK NUMBER
International Standard Book Number 9789385926785
Terms of availability 500.00
035 ## - SYSTEM CONTROL NUMBER
System control number EN-106425
037 ## - SOURCE OF ACQUISITION
Source of stock number/acquisition DBAD/PUB.
082 ## - DEWEY DECIMAL CLASSIFICATION NUMBER
Classification number 515.35
245 ## - TITLE STATEMENT
Title Proceedings of the national seminar on recent advances in differential equations & its applications:
Statement of responsibility, etc ed. by K.S. Lakshmi; J. Sathya Priya; Sujatha Seshadri [and] R.Om Gayathri
Remainder of title (DEAPP 2017) /
260 ## - PUBLICATION, DISTRIBUTION, ETC. (IMPRINT)
Place of publication, distribution, etc New Delhi
Name of publisher, distributor, etc Allied Publishers Private
Date of publication, distribution, etc 2017
270 ## - ADDRESS
Address 1/13-14 Asaf Ali Road ,
City New Delhi
Postal code 110002
300 ## - PHYSICAL DESCRIPTION
Extent xxv, 165p.
Dimensions 24cm (pbk)
Other physical details ill.
500 ## - GENERAL NOTE
General note It include author index
700 ## - ADDED ENTRY--PERSONAL NAME
Personal name Lakshmi, K.S.
700 ## - ADDED ENTRY--PERSONAL NAME
Personal name J. Sathya Priya
700 ## - ADDED ENTRY--PERSONAL NAME
Personal name Seshadri, Sujatha
700 ## - ADDED ENTRY--PERSONAL NAME
Personal name R.Om Gayathri
942 ## - ADDED ENTRY ELEMENTS (KOHA)
Source of classification or shelving scheme Dewey Decimal Classification
Item type English Books
Classification part 515.35
Call number suffix PRO
Holdings
Withdrawn status Lost status Not for loan Collection code Home library Current library Date acquired Source of acquisition Cost, normal purchase price Full call number Barcode Copy number Cost, replacement price Koha item type
    Not For Loan Non-fiction D.B.Act.Division Bawana 07/05/2018 DBAD/PUB 500.00 515.35 PRO EN-106425 1 500.00 English Books

© Delhi Public Library
Hit Counter
free hit counter